MARC

LEADER 00000nam0a2200000 4500
001 323269
005 20231102003544.0
035 |a (RuTPU)RU\TPU\book\348828 
090 |a 323269 
100 |a 20161013d1888 m y0rusy50 ca 
101 0 |a rus 
102 |a RU 
105 |a y z 000zb 
200 1 |a Александр Македонский  |f Плутарх 
210 |a Москва  |c Издание "Народной библиотеки" В. Н. Маракуева  |d 1888 
215 |a 159 с. 
300 |a Текст в русской дореформенной орфографии 
316 |5 63413507: М-132172  |a Владельческая подпись: "Ин. Бутаков", штамп-экслибрис И. Н. Бутакова и штамп, заполненный перьевой ручкой (г. Чита) 
317 |5 63413507: М-132172  |a Поступила в НТБ в 1970 г. в составе книжного собрания профессора ТПИ И. Н. Бутакова 
600 0 |a Александр Македонский (Великий)  |d III  |c полководец, царь Македонии 336-323 до н.э. из рода Аргеадов  |f 356-324 до н.э.  |2 stltpush  |3 (RuTPU)RU\TPU\pers\6841 
606 1 |a Античный мир  |x История  |2 stltpush  |3 (RuTPU)RU\TPU\subj\58980  |9 76652 
610 1 |a полководцы 
610 1 |a владельческая надпись 
610 1 |a библиотека И. Н. Бутакова 
610 1 |a Древняя Греция 
610 1 |a Македонское царство 
610 1 |a Месопотамия 
610 1 |a политика 
610 1 |a деятельность 
610 1 |a завоевания 
610 1 |a биографии 
686 |a Т3(0)32  |v LBC/SL-A  |2 rubbk 
700 0 |a Плутарх  |c древнегреческий писатель  |c историк  |f около 45-около 127  |2 stltpush  |3 (RuTPU)RU\TPU\pers\973  |9 430 
801 1 |a RU  |b 63413507  |c 20161013 
801 2 |a RU  |b 63413507  |c 20190724  |g RCR 
942 |c BK